Companies Owned by Volkswagen - Statistics

General Stats
  • This quiz has been taken 63 times
  • The average score is 7 of 10
Answers on the Grid
Answers color-coded by a green-red scale on the quiz's grid according to % correct below.
Aston Martin
Honda
Lamborghini
GWM
Chevrolet
Škoda
Fiat
Holden
Volkswagen
Hyundai
Buick
Seat
Toyota
Bugatti
Cupra
Maserati
Peugeot
Bentley
Kawasaki
BMW
Suzuki
Nissan
Yamaha
Porsche
Audi
Mercedes Benz
Ducati
Rimac
MG
Ferrari
 
Answer Stats
Answer % Correct
Volkswagen
98%
Škoda
81%
Audi
74%
Lamborghini
72%
Seat
70%
Porsche
63%
Bugatti
60%
Bentley
53%
Cupra
47%
Ducati
42%
No matching quizzes found
Score Distribution
Percent of People with Each Score
Percentile by Number Answered
Your Score History
You have not taken this quiz